00459 a2200169 450000100060000002000180000604000220002410000180004624000200006424500150008430000070009936200090010665000450011594200070016095201050016799900170027258825 a9788586999635 cAnchieta - Pituba aMace, Eduardo10aCronologialpor10aCronologia a680 a2008 4aHistória do mundo antigo até 499 AC. cBK 00104070a91.1b91.1d2023-11-21l0o930 C947c CROp9626/PITr2023-11-21 18:26:43w2023-11-21yBK c58825d58825